000 00563nam a2200169Ia 4500
003 GCL
008 140319s9999 xx 000 0 ara d
040 _aGCL /
_cGCL
082 0 4 _a916.61
_bى ش
100 1 _aيسرى الجوهرى
245 1 0 _aشمال افريقيا دراسة فى الجغرافيا التاريخية والاقليمية /
_cيسرى الجوهرى
300 _a517 ص
490 _aالكتب الجغرافية
_v0
650 0 4 _aافريقيا الشمالية
650 0 4 _aالجغرافيا التاريخية
942 _2ddc
_cBK
999 _c37889
_d37889